| 000 | 00467nam a22001697a 4500 | ||
|---|---|---|---|
| 005 | 20160902104159.0 | ||
| 008 | 160902b xxu||||| |||| 00| 0 eng d | ||
| 020 | _a9781118004388 | ||
| 040 | _cPK-LaUMT | ||
| 082 |
_a657.3 _bCAT-P |
||
| 100 | _aCatty, James P | ||
| 245 |
_aThe professional's guide to fair value _bthe future of financial reporting _cJames P. Catty |
||
| 260 |
_aHoboken _bJohn Wiley _c2012 |
||
| 300 | _a240 p. | ||
| 546 | _aEnglish | ||
| 942 | _cBK | ||
| 999 |
_c87812 _d87812 |
||